LDR 01049naa#a2200181#i#450# 001 RU\FGKOU VO SPBU MVD ROSSII\bibl\122886 005 20260704193441.6 011 ## _a2227-7226 100 ## _a20260630b2026####ek#y0rusy0150####ca 102 ## _aRU 200 1# _aВитагенный опыт обучающихся в контексте практико-ориентированного подхода к формированию коммуникативной компетенции _eЖурнальная статья 210 1# _aСанкт-Петербург _cСАНКТ-ПЕТЕРБУРГСКИЙ УНИВЕРСИТЕТ МИНИСТЕРСТВА ВНУТРЕННИХ ДЕЛ РОССИЙСКОЙ ФЕДЕРАЦИИ _d2026 215 ## _a7 с. 608 ## _aЖурнальная статья _2local 675 ## _aМетоды обучения. Формы преподавания. 378.147 _z 700 #1 _aКовшикова _gЕлена Владимировна 700 #1 _aГимпельсон _gЕлена Григорьевна 856 4# _arussianjournaldeviantbehavior.ru _u